Krkolomná cesta k úveru

Drobní živnostníci narážajú pri hypotékach na neschopnosť zdokladovať príjem. Banky k živnostníkom pristupujú s odstupom. Štatistiky ukazujú, že im dávajú drahšie úvery, sú rizikovejší.

Gespeichert in:
Bibliographische Detailangaben
1. Verfasser: Hambálková, Jana
Format: Buchkapitel
Sprache:Slowakisch
Schlagworte:
Tags: Tag hinzufügen
Keine Tags, Fügen Sie das erste Tag hinzu!

MARC

LEADER 00000naa a2200000 4500
001 0136067
005 20231113073344.2
041 0 |a slo 
044 |a SK 
245 1 0 |a Krkolomná cesta k úveru  |c Jana Hambálková 
520 |a Drobní živnostníci narážajú pri hypotékach na neschopnosť zdokladovať príjem. Banky k živnostníkom pristupujú s odstupom. Štatistiky ukazujú, že im dávajú drahšie úvery, sú rizikovejší. 
610 2 0 |a banky 
610 2 0 |a úver bankový 
610 2 0 |a živnostníci 
610 2 0 |a hypotéky 
100 1 |a Hambálková, Jana